[Event "Skopje op-A"]
[Site "Skopje"]
[Date "2023.12.08"]
[Round "4"]
[White "Alexandri, Dimitra"]
[Black "Cosman, Andreea Marioara"]
[Result "1/2-1/2"]
[WhiteElo "1908"]
[BlackElo "2120"]
[PlyCount "44"]
[EventDate "2023.12.06"]
[EventType "swiss"]
[EventRounds "9"]
[EventCountry "MKD"]
[SourceTitle "CBM 217 Extra"]
[Source "ChessBase"]
[SourceDate "2024.01.31"]
[SourceVersion "1"]
[SourceVersionDate "2024.01.31"]
[SourceQuality "1"]

1. d4 Nf6 2. c4 c5 3. d5 e6 4. Nc3 exd5 5. cxd5 d6 6. Nf3 g6 7. Bf4 Bg7 8. h3 0-0 9. e3 Ne8 10. Be2 b6 11. 0-0 Nd7 12. Qb3 Ne5 13. Bxe5 dxe5 14. Nd2 Nd6 15. Nc4 Rb8 16. Nxd6 Qxd6 17. Ne4 Qd8 18. Rfd1 Bb7 19. Bc4 Kh8 20. Qd3 f5 21. Nc3 e4 22. Qe2 Qd6 1/2-1/2

[Event "GRE-chT 50th"]
[Site "Nikaia"]
[Date "2023.08.28"]
[Round "5.5"]
[White "Alexandri, Dimitra"]
[Black "Tsivelekidou, Evgenia"]
[Result "1-0"]
[WhiteElo "1670"]
[BlackElo "1932"]
[PlyCount "79"]
[EventDate "2023.08.25"]
[EventType "team"]
[EventRounds "9"]
[EventCountry "GRE"]
[SourceTitle "CBM 216 Extra"]
[Source "ChessBase"]
[SourceDate "2023.11.30"]
[SourceVersion "1"]
[SourceVersionDate "2023.11.30"]
[SourceQuality "1"]
[WhiteTeam "Neapolis Sekeon"]
[BlackTeam "Kavalas"]
[WhiteTeamCountry "GRE"]
[BlackTeamCountry "GRE"]

1. d4 Nf6 2. c4 e6 3. Nc3 Bb4 4. f3 0-0 5. e4 d5 6. e5 Nh5 7. Nh3 g6 8. a3 Be7 9. Be3 b6 10. Be2 Bb7 11. Qd2 c5 12. cxd5 exd5 13. Rd1 c4 14. 0-0 Ng7 15. f4 Nf5 16. g4 Nxe3 17. Qxe3 f5 18. Ng5 Bxg5 19. fxg5 Nc6 20. gxf5 gxf5 21. h4 Ne7 22. Kh2 Qd7 23. h5 Kg7 24. h6+ Kg8 25. Bh5 f4 26. Rxf4 Rxf4 27. Qxf4 Rf8 28. Qg3 Qf5 29. Rg1 Qc2+ 30. Rg2 Qc1 31. Rf2 Nf5 32. Qf4 Qxf4+ 33. Rxf4 Ne7 34. Rf6 Bc8 35. Bf3 Bb7 36. Bg4 Bc8 37. Bxc8 Rxc8 38. Re6 Kf7 39. Rd6 Nf5 40. Rf6+ 1-0